01252nam a2200253Ia 450000500170000000800410001702000150005804000180007304100080009108200210009910000310012024500730015125000060022426000490023030000280027965000440030765000500035165000520040194200340045399900190048795201640050695201640067095201640083420230708100147.0210716s2002 xx 000 0 und d a9812431187 cAIMIT LIBRARY aeng a004.65 21bPALM aPalmer, Michael J.9126030 aHands on networking essentials with projects /cBy Michael J Palmer. a1 aNew Delhi :bVikas Publishing House ,c2002. axxi,432p. ;bPBc26 cm. aNetworking standards and models9126031 aTechnologies and communications media9126032 aNetwork transport systems and protocols9126033 2ddccBKe1st ed.k004.65 PALM c185688d185688 00102ddc40708MCAaAIMITbAIMITeBook Worldg350.00iBill no:1484; Bill dt:2003-02-14l0o004.65 PALMpMCA04825r2025-07-21 00:00:00v297.50w2021-07-16yBK 00102ddc40708MCAaAIMITbAIMITeBook Worldg350.00iBill no:1496; Bill dt:2003-03-18l0o004.65 PALMpMCA05060r2025-07-21 00:00:00v297.50w2021-07-16yBK 00102ddc40708MCAaAIMITbAIMITeBook Worldg350.00iBill no:1759; Bill dt:2003-06-03l0o004.65 PALMpMCA05196r2025-07-21 00:00:00v297.50w2021-07-16yBK